El conde de Montecristo (Registro nro. 309345)

Detalles MARC
000 -ENCABEZADO
Número de control [NR] 00973 a2200277 4500
005 - FECHA Y HORA DE LA ÚLTIMA TRANSACCIÓN
control field 20180219151315.0
008 - DE LONGITUD FIJA DE DATOS DE ELEMENTOS - INFORMACIÓN GENERAL
Elementos de longitud fija [NR] 180219s2017 cl |||||r|||| 00| 0 spa d
020 ## - NUMERO INTERNACIONAL NORMALIZADO PARA LIBROS [R]
Número Internacional Normalizado del libro [NR] 9789563163506
040 ## - FUENTE DE CATALOGACION [NR]
Agencia de catalogación original [NR] CO-BoUCM
Idioma de catalogación [NR] spa
Quien Cataloga Saul Niño
Quien Clasifica Saul Niño
041 1# - CODIGO DE IDIOMA [R]
Código de idioma para texto/pista de sonido o título separado [R] Español
100 10 - ASIENTO PRINCIPAL--NOMBRE PERSONAL [NR]
Nombre personal [NR] Dumas, Alejandro
Títulos u otras palabras asociadas al nombre [R] Dumas, Alexandre
ID Autoridad 91438
245 13 - MENCION DE TITULO [NR]
Título [NR] El conde de Montecristo
Mención de responsabilidad, etc. [NR] Alejandro Dumas ; Eduardo Pérez de la Vega ; prólogo Cristián Montes
260 ## - PUBLICACION, DISTRIBUCION, ETC. (PIE DE IMPRENTA) [R]
Lugar de publicación, distribución, etc. [R] Santiago de Chile
Nombre del editor, distribuidor, etc. [R] Origo
Fecha de publicación, distribución, etc. [R] 2017
300 ## - DESCRIPCION FISICA [R]
Extensión [R] 930 páginas
500 ## - NOTA GENERAL [R]
Nota general [NR] Viva leer
650 17 - ASIENTO SECUNDARIO DE MATERIA - TERMINO TEMATICO [R]
9 (RLIN) 20506
Término temático o nombre geográfico como elemento de entrada [NR] Novela francesa
650 #7 - ASIENTO SECUNDARIO DE MATERIA - TERMINO TEMATICO [R]
9 (RLIN) 20536
Término temático o nombre geográfico como elemento de entrada [NR] Novela juvenil
650 #7 - ASIENTO SECUNDARIO DE MATERIA - TERMINO TEMATICO [R]
9 (RLIN) 7794
Término temático o nombre geográfico como elemento de entrada [NR] Literatura francesa
650 #7 - ASIENTO SECUNDARIO DE MATERIA - TERMINO TEMATICO [R]
9 (RLIN) 16966
Término temático o nombre geográfico como elemento de entrada [NR] Historias de aventuras
651 ## - ASIENTO SECUNDARIO DE MATERIA - NOMBRE GEOGRAFICO [R]
Nombre geográfico [NR] Francia
Subdivisión de forma [R] Novela
Subdivisión general [R] Historia
9 (RLIN) 91439
700 10 - ASIENTO SECUNDARIO - NOMBRE PERSONAL [R]
Nombre personal [NR] Pérez de la Vega, Eduardo
9 (RLIN) 91440
700 10 - ASIENTO SECUNDARIO - NOMBRE PERSONAL [R]
Nombre personal [NR] Montes, Cristián
Término de relación [R] prólogo
9 (RLIN) 91441
765 ## - ASIENTO DE IDIOMA ORIGINAL [R]
Número Internacional Normalizado para Publicaciones Seriadas - ISSN [NR] Le comte de Monte Cristo
942 ## - ELEMENTOS DE ENTRADA AGREGADOS (KOHA)
Tipo de ítem principal el descrito en 300a Libro
Sistema de clasificación DEWEY
Tema principal Literatura
Edición 1
Clasificación 843.8
Parte restante de la signatura top. D886c
Existencias
Fecha de último préstamo Total préstamos Total Renewals Signatura topográfica Código de barras Última vez visto Ejemplar Costo de reposición Price effective from Tipo de ítem Perdido Sistema de clasificación Dañado No prestable Tipo de ítem específico Suprimido Ubicación habitual Ubicación actual Localización Fecha de creación Proveedor Forma de adquisición Costo
09/12/2025 1 2 843.8 D886c 100156272 25/03/2026 Ej.1 26000.00 16/02/2018 Libro   DEWEY     Libro   Fundación Cardioinfantil Fundación Cardioinfantil 1er piso 16/02/2018 12 Donación 0.00